000 00684nam a2200217 a 4500
001 000039580
005 20250129182520.0
008 130708s1999 dr r 000 p spa d
020 _a8484002977
040 _aDO-SdBNP
_bspa
_cBNPHU
082 _aRD861.44
_bC433h
100 1 _aChahín, Plinio,
_d1959-
_924881
245 1 0 _aHechizos de la Hybris /
_cPlinio Chahín ; presentación Freddy Ginebra.
260 _aSanto Domingo :
_bCasa de teatro,
_c1999.
300 _a105 p.
590 _aInventariado, 2018/BT
650 0 _aPoesía dominicana
_966
650 0 _aLiteratura dominicana.
_967
700 1 2 _aGinebra, Freddy,
_epr.
_921605
910 _aValidado. Control de validad. MFF
999 _c39070
_d39070